Zvýšená sadzba DPH a jej vplyv na eurofondové projekty

V tomto článku sa venujeme problematike zvýšenej sadzby DPH a jej vplyvu na eurofondové projekty. Budeme analyzovať možné dôsledky na jednotlivé fázy projektového cyklu, od prípravy a podávania žiadostí o nenávratný finančný príspevok (ďalej len „NFP“) až po implementáciu a ukončenie projektov.

Na minha lista:
Detalhes bibliográficos
Autor principal: Tkáč, Juraj
Formato: Capítulo de Livro
Idioma:eslovaco
Assuntos:
Tags: Adicionar Tag
Sem tags, seja o primeiro a adicionar uma tag!

MARC

LEADER 00000naa a2200000 4500
001 0306806
005 20250205104527.7
041 0 |a slo 
044 |a SK 
245 1 0 |a Zvýšená sadzba DPH a jej vplyv na eurofondové projekty  |c Juraj Tkáč 
520 |a V tomto článku sa venujeme problematike zvýšenej sadzby DPH a jej vplyvu na eurofondové projekty. Budeme analyzovať možné dôsledky na jednotlivé fázy projektového cyklu, od prípravy a podávania žiadostí o nenávratný finančný príspevok (ďalej len „NFP“) až po implementáciu a ukončenie projektov. 
610 2 0 |a dane z hodnoty pridanej 
610 2 0 |a sadzby daňové 
610 2 0 |a projekty 
610 2 0 |a projekty medzinárodné 
610 2 0 |a dotácie štátne 
100 1 |a Tkáč, Juraj